LEADER 01268nam0 2200313 i 450 001 VAN0011128 005 20150305111201.601 010 $a88-238-0321-7 020 $aIT$b96 5393 100 $a20030102d1995 |0itac50 ba 101 $aita 102 $aIT 105 $a|||| ||||| 200 1 $aAnalisi e politiche di asset allocation nelle gestioni di portafoglio$fA. Bertoni ... [et al.] 210 $aMilano$cEGEA$dc1995 215 $aVIII, 170 p.$d24 cm. 410 1$1001VAN0011228$12001 $aCentro di ricerche economico-aziendali dell'Università Bocconi$1210 $aMilano$cEgea.$v2 606 $aInvestimenti pubblici$3VANC030558$2SG 606 $aOperazioni di borsa$3VANC030624$2SG 620 $dMilano$3VANL000284 676 $a332.6322$v21 702 1$aBertoni$bAlberto$f1940- $3VANV069094 712 $aEgea $3VANV107924$4650 801 $aIT$bSOL$c20230922$gRICA 899 $aBIBLIOTECA DEL DIPARTIMENTO DI GIURISPRUDENZA$1IT-CE0105$2VAN00 912 $aVAN0011128 950 $aBIBLIOTECA DEL DIPARTIMENTO DI GIURISPRUDENZA$d00CONS VI.Ec.23 $e00 11207 20030107 996 $aAnalisi e politiche di asset allocation nelle gestioni di portafoglio$9876252 997 $aUNICAMPANIA LEADER 03354nam0 2200673 i 450 001 VAN00124367 005 20240806100816.187 017 70$2N$a9783319705668 100 $a20191015d2017 |0itac50 ba 101 $aeng 102 $aCH 105 $a|||| ||||| 200 1 $aAlgorithmic and Experimental Methods in Algebra, Geometry, and Number Theory$fGebhard Böckle, Wolfram Decker, Gunter Malle editors 210 $aCham$cSpringer$d2017 215 $aix, 763 p.$cill.$d24 cm 500 1$3VAN00235381$aAlgorithmic and Experimental Methods in Algebra, Geometry, and Number Theory$91563114 606 $a06Bxx$xLattices [MSC 2020]$3VANC029101$2MF 606 $a11Fxx$xDiscontinuous groups and automorphic forms [MSC 2020]$3VANC021451$2MF 606 $a11Gxx$xArithmetic algebraic geometry (Diophantine geometry) [MSC 2020]$3VANC021463$2MF 606 $a13Pxx$xComputational aspects and applications [MSC 2020]$3VANC029095$2MF 606 $a14Gxx$xArithmetic problems in algebraic geometry; Diophantine geometry [MSC 2020]$3VANC021799$2MF 606 $a14H40$xJacobians, Prym varieties [MSC 2020]$3VANC023902$2MF 606 $a14Qxx$xComputational aspects in algebraic geometry [MSC 2020]$3VANC020815$2MF 606 $a14Txx$xTropical geometry [MSC 2020]$3VANC029005$2MF 606 $a16Exx$xHomological methods in associative algebras [MSC 2020]$3VANC021691$2MF 606 $a16Gxx$xRepresentation theory of associative rings and algebras [MSC 2020]$3VANC022014$2MF 606 $a20Cxx$xRepresentation theory of groups [MSC 2020]$3VANC019743$2MF 606 $a20Exx$xStructure and classification of infinite or finite groups [MSC 2020]$3VANC023969$2MF 606 $a51F15$xReflection groups, reflection geometries [MSC 2020]$3VANC023800$2MF 606 $a52Bxx$xPolytopes and polyhedra [MSC 2020]$3VANC023824$2MF 610 $aArithmetic Geometry$9KW:K 610 $aAssociative Algebras$9KW:K 610 $aComputational Group Theory$9KW:K 610 $aComputational algebraic geometry$9KW:K 610 $aComputer algebra$9KW:K 610 $aFinite Group Theory$9KW:K 610 $aGröbner basis$9KW:K 610 $aJacobians and Abelian Varieties$9KW:K 610 $aLattices$9KW:K 610 $aModular forms$9KW:K 610 $aPolyhedral Geometry$9KW:K 610 $aRational Points$9KW:K 610 $aReal and Complex Multiplication$9KW:K 610 $aReflection Arrangements$9KW:K 610 $aRepresentation Theory$9KW:K 610 $aTropical Geometry$9KW:K 620 $aCH$dCham$3VANL001889 702 1$aBöckle$bGebhard$3VANV080477 702 1$aDecker$bWolfram$3VANV095333 702 1$aMalle$bGunter$3VANV095808 712 $aSpringer $3VANV108073$4650 801 $aIT$bSOL$c20250307$gRICA 856 4 $uhttp://doi.org/10.1007/978-3-319-70566-8$zE-book ? Accesso al full-text attraverso riconoscimento IP di Ateneo, proxy e/o Shibboleth 899 $aBIBLIOTECA DEL DIPARTIMENTO DI MATEMATICA E FISICA$1IT-CE0120$2VAN08 912 $fN 912 $aVAN00124367 950 $aBIBLIOTECA DEL DIPARTIMENTO DI MATEMATICA E FISICA$d08DLOAD e-book 0546 $e08eMF546 20191015 996 $aAlgorithmic and Experimental Methods in Algebra, Geometry, and Number Theory$91563114 997 $aUNICAMPANIA